À quel club de rugby correspond ce surnom - Statistiques

Statistiques générales
  • Ce quiz a été pris 25 fois
  • Le résultat moyen est 8 sur 15
Statistiques - réponses
Surnom Ville % Correct
Saints Northampton
96%
Tigers Leicester
87%
Bears Bristol
65%
Leinster Dublin
65%
Sharks Sale
61%
Lions Johannesbourg
57%
Stormers Le Cap
57%
Chiefs Exeter
52%
Falcons Newcastle
52%
Zebre Parme
52%
Bulls Pretoria
52%
Ulster Belfast
48%
Sharks Durban
43%
Scarlets Llanelli
35%
Dragons Newport
13%
Aucun quiz correspondant
Distribution des résultats
% des personnes avec chaque résultat
Percentile par nombre de réponses
Votre historique - résultats
Vous n’avez pas pris ce quiz